000
00264nam a2200109 a 4500
005
20140414093830.0
008
970101s19uu xx 00 eng d
050
_a
VHS 900
_b
R 36
245
_a
Pahiyas sa lukban :
_b
SLGE material.
942
_c
AVM
999
_c
108641
_d
108641